书目信息 |
| 题名: |
舞蹈调度的形式陈说
|
|
| 作者: | ||
| 分册: | ||
| 出版信息: | 上海 上海音乐出版社 |
|
| 页数: | 225页 | |
| 开本: | 24cm | |
| 丛书名: | ||
| 单 册: | ||
| 中图分类: | J811.2 | |
| 科图分类: | ||
| 主题词: | 戏剧--舞台艺术 | |
| 电子资源: | ||
| ISBN: | 978-7-5523-0079-6 | |
| 000 | 00506nam0 2200169 450 | |
| 001 | 202410162546921457 | |
| 005 | 20241018154627.21 | |
| 010 | @a978-7-5523-0079-6@dCNY45.00 | |
| 100 | @a20241016d km y0chiy0120 ea | |
| 101 | 0 | @achi |
| 200 | 1 | @a舞蹈调度的形式陈说@AWu Dao Diao Du De Xing Shi Chen Shuo |
| 210 | @a上海@c上海音乐出版社 | |
| 215 | @a225页@d24cm | |
| 606 | 0 | @a戏剧@x舞台艺术 |
| 690 | @aJ811.2@v4 | |
| 801 | 0 | @aCN@b大连网信软件有限公司图书馆·11@c20241018 |
| 905 | @aZUCC@b1058813@dJ811.2@e171@f1 | |
| 舞蹈调度的形式陈说.-上海:上海音乐出版社 |
| 225页;24cm |
| ISBN 978-7-5523-0079-6:CNY45.00 |
| ● |
| 相关链接 |
|
|
|
|
正题名:舞蹈调度的形式陈说
索取号:J811.2/171
 
预约/预借
| 序号 | 登录号 | 条形码 | 馆藏地/架位号 | 状态 | 备注 |
| 1 | 1058813 | 210588130 | 密集书库-音乐系/ [索取号:J811.2/171] | 在馆 |